Sports Quiz

Random Sports or Country Quiz

100 Soccer Legends of the 70's Quiz Stats

 Plays Quiz not verified by Sporcle

Challenge
Share
Tweet
Embed
Score 0/100 Timer 12:00
0 Plays Today
Country % Correct
NetherlandsJohan Cruijff
97.6%
BrazilPele
95%
GermanyFranz Beckenbauer
92.3%
GermanyGerd Müller
91.6%
GermanyHansi Müller
91.4%
EnglandKevin Keegan
90.6%
Northern IrelandGeorge Best
90.2%
ArgentinaMario Kempes
81.1%
EnglandBobby Moore
80.6%
ItalyDino Zoff
79.4%
FranceMichel Platini
79.1%
NetherlandsJohan Neeskens
77.2%
ScotlandKenny Dalglish
75.8%
ItalyPaolo Rossi
75.1%
BrazilJairzinho
73.4%
PolandGrzegorz Lato
72.9%
EnglandGordon Banks
72.7%
BrazilCarlos Alberto
71%
DenmarkAllan Simonsen
70.3%
GermanySepp Maier
69.5%
BrazilRoberto Rivelino
68.8%
GermanyBerti Vogts
68.6%
Soviet UnionOleg Blokhin
68.3%
ItalyLuigi Riva
68.1%
NetherlandsJohnny Rep
68.1%
NetherlandsRob Rensenbrink
66.9%
PolandZbigniew Boniek
66.2%
PortugalEusebio
65.9%
ArgentinaDaniel Passarella
63.5%
NetherlandsRuud Krol
63.3%
ItalyGianni Rivera
62.8%
EnglandPeter Shilton
61.9%
ScotlandBilly Bremner
61.4%
AustriaHans Krankl
61.2%
Country % Correct
GermanyKarl- Heinz Rummenigge
59.5%
PeruTeofilo Cubillas
59.5%
GermanyGunter Netzer
58.3%
BrazilTostao
56.4%
PolandKazimierz Deyna
54.4%
ScotlandGraeme Souness
53.7%
CzechoslovakiaAntonin Panenka
52.5%
Italy/ Braziljose Altafini
52%
EnglandTrevor Francis
50.6%
ItalySandro Mazzola
49.9%
BrazilGerson
49.4%
ItalyGiacinto Facchetti
49.2%
ItalyRoberto Bettega
48.4%
GermanyWolfgang Overath
48.2%
EnglandTrevor Brooking
47.2%
ItalyClaudio Gentile
46.5%
FranceMarius Tresor
42.2%
GermanyJupp Heynckes
41.7%
GermanyRainer Bonhof
41.2%
ArgentinaLeopoldo Luque
41%
NetherlandsWim van Hanegem
40.8%
NetherlandsWilly van de Kerkhof
40.5%
GermanyUli Stielike
40.3%
ItalyAntonio Cabrini
37.2%
NetherlandsPiet Keizer
37.2%
BelgiumPaul van Himst
36.9%
EnglandTony Woodcock
36.5%
BrazilClodoaldo
35.3%
GermanyKlaus Fischer
34.3%
YugoslaviaDragan Dzajic
34.1%
GermanyManfred Kaltz
34.1%
ArgentinaDaniel Bertoni
32.9%
SwedenOve Kindvall
32.9%
SwedenRobbie Hellstrom
32.6%
Country % Correct
ChileElias Figueroa
32.1%
ItalyFranco Causio
31.7%
PolandWlodzimierz Lubanski
31.7%
BrazilDirceu
31.7%
SwedenRalf Edstrom
31.4%
SpainAmancio Amaro
31.2%
BrazilRoberto Dinamite
30.9%
CzechoslovakiaIvo Viktor
30.5%
SpainJose Martinez 'Pirri'
30.2%
ScotlandGordon McQueen
29.3%
HungaryTibor Nyilasi
26.6%
East GermanyJoachim Streich
26.6%
BelgiumWilfried van Moer
26.4%
ArgentinaRené Houseman
26.4%
BulgariaHristo Bonev
25.4%
YugoslaviaSafet Susic
24.9%
YugoslaviaJosip Skoblar
24%
NetherlandsRuud Geels
23.5%
GermanyHeinz Flohe
22.1%
CzechoslovakiaZdenek Nehoda
21.8%
FranceGerard Janvion
20.4%
YugoslaviaBranko Oblak
19.9%
SpainJuan Manuel Asensi
19.7%
CzechoslovakiaAnton Ondrus
19.7%
RomaniaDudu Georgescu
18.9%
Soviet UnionYevgueni Rudakov
17.3%
CzechoslovakiaMarian Masny
16.5%
BrazilMarinho Chagas
16.5%
RomaniaFlorea Dumitrache
16.1%
PortugalJoao Alves
14.9%
Soviet UnionMurtaz Khurtsilava
13.7%
FranceJean- Marc Guillou
13.4%

You're not logged in!

Compare scores with friends on all Sporcle quizzes.
Join for Free
OR
Log In

You Might Also Like...

Show Comments

Extras

Top Quizzes Today


Score Distribution

Your Account Isn't Verified!

In order to create a playlist on Sporcle, you need to verify the email address you used during registration. Go to your Sporcle Settings to finish the process.

Report this User

Report this user for behavior that violates our Community Guidelines.

Details: